Prénoms des rappeurs français - Statistiques

Statistiques générales
  • Ce quiz a été pris 487 fois
  • Le résultat moyen est 7 sur 20
Statistiques - réponses
Hint Réponse % Correct
JUL Julien
90%
SCH Julien
76%
Ninho William
71%
Damso William
62%
Nekfeu Ken
57%
Booba Elie
50%
PLK Matthieu
41%
MHD Mohammed
38%
Niska Stanislas
38%
Tiakola William
38%
Kaaris Armand
24%
Lacrim Karim
24%
Alpha wann Alpha
22%
Joeystarr Didier
22%
Dinos Jules
14%
Gazo Ibrahima
6%
Lorenzo Jérémie
5%
La fouine Laounie
4%
La feve Louis
4%
Deen burbigo Mikael
1%
Aucun quiz correspondant
Distribution des résultats
% des personnes avec chaque résultat
Percentile par nombre de réponses
Votre historique - résultats
Vous n’avez pas pris ce quiz